00291nam a2200121Ia 4500003000400000005001700004008004100021020001800062040002000080100002200100245002200122260002500144OSt20231215065813.0170524s9999 xx 000 0 und d a9788189161460 cIIMT UNIVERSITY aSINGH- DHARMENDRA 0a MEDIA AND MANDAL bADHYAYAN : NEW DELHI